000
00170 a2200085 4500
041
_a
spa
100
_a
Mecd
245
_a
Material de Apoyo del area de ciencias
942
_c
BK
999
_c
15984
_d
15984